| 000 | 00688nam a2200229Ia 4500 | ||
|---|---|---|---|
| 003 | GCL | ||
| 008 | 140319s9999 xx 000 0 ara d | ||
| 040 |
_aGCL / _cGCL |
||
| 082 | 0 | 4 |
_a811.2 _bخ د |
| 100 | 1 | _aالخنساء، تماضر بنت عمرو، -645م | |
| 245 | 1 | 0 |
_aديوان الخنساء / _cالخنساء، تماضر بنت عمرو، -645م |
| 260 |
_a[S.N] : _bدار صادر |
||
| 300 | _a156 ص | ||
| 490 | _a | ||
| 650 | 0 | 4 | _aالشعر العربى |
| 650 | 0 | 4 | _aالادب العربى |
| 650 | 0 | 4 | _aالعصر الجاهلى |
| 650 | 0 | 4 | _aدواوين وقصائد |
| 650 | 0 | 4 | _aالخنساء |
| 650 | 0 | 4 | _aتاريخ ونقد |
| 942 |
_2ddc _cBK |
||
| 999 |
_c31314 _d31314 |
||